00300nam a2200121Ia 4500008004100000020001800041041000800059082002400067100001900091245002200110260003700132300000900169230411s9999 xx 000 0 und d a0-7637-1441-0 aeng aAD/610.7/BAS/B05804 aBastable Susan aNurse as Educator bJones and BartlettaBostonc2003 a572p